00413nam a2200145Ia 4500003000400000008004100004040001600045082001500061100001900076245008300095260003800178300001000216650002800226650001300254GCL140319s9999 xx 000 0 eng d aGCL / cGCL04a158.7bS P1 aSTAW, BAORY M.10aPSYCHOLOGICAL DIMENSIONS OF ORGANIZATIONAL BEHAVIOR, 2ND ED / cSTAW, BAORY M. a[S.N] : bPRENTICE HALL ، c1995 a516 P04aORGANIZATIONAL BEHAVIOR04aINDUSTRY